000 00210nam a2200085Ia 4500
008 120527s9999 xx 000 0 und d
100 _aGranato, et al
245 _aMicrobiology:Application to patient
942 _cBK
999 _c27371
_d27371